| 000 | 00898cam a22002293a 4500 | ||
|---|---|---|---|
| 001 | 10454 | ||
| 003 | PGUSA | ||
| 005 | 20140828083224.0 | ||
| 008 | 031201s2003||||xxu|||||s|||||000 | eng d | ||
| 040 |
_aPGUSA _beng |
||
| 042 | _adc | ||
| 050 | 4 | _aPN | |
| 245 | 1 | 0 |
_aTales for Young and Old _h[electronic resource] / _cVarious |
| 260 |
_bProject Gutenberg, _c2003 |
||
| 505 | 0 | _aThe bride's journey -- The home-wreck -- Love at first sight -- Lucy Fennel -- Billy Egg -- The pledge redeemed -- The tree and the forest -- The three friends -- The artist's daughter -- The blind man of Argenteuil -- The bridal wreath -- The Duke of Normandy -- Dutch Anna -- The locksmith of Philadelphia. | |
| 506 | _aPublic domain in the USA. | ||
| 516 | _aElectronic text | ||
| 653 | _aShort stories | ||
| 830 | 0 |
_aProject Gutenberg _v10454 |
|
| 856 | 4 | 0 | _uhttp://www.gutenberg.org/ebooks/10454 |
| 942 | _cEB | ||
| 999 |
_c239709 _d239709 |
||